| 000 | 00594nam a22002177a 4500 | ||
|---|---|---|---|
| 005 | 20231012101438.0 | ||
| 008 | 150303b2013 xxu||||| |||| 00| 0 spa d | ||
| 020 | _a9786071408730 | ||
| 041 | _aESP | ||
| 082 | _a305.232 A327c | ||
| 100 |
_aAlbarrán, Pedro _929735 |
||
| 245 | _aCómo negociar con padres sobreprotectores | ||
| 260 |
_aMéxico _bEmu _c2013 |
||
| 300 | _a159 páginas | ||
| 650 | _aINFANCIA | ||
| 650 | _aDESARROLLO INFANTIL | ||
| 650 | _aMIEDO A LOS PADRES | ||
| 650 | _aAUTORITARISMO | ||
| 650 | _aPADRES SOBREPROTECTORES | ||
| 942 |
_cLIT _2ddc |
||
| 999 |
_c3594 _d3594 |
||